000 00555nam a22002057a 4500
005 20251108172700.0
008 250721s2002 xx 000 0 ara d
082 1 4 _a617.6/ريس
100 1 _aالريس، سوزان
_eمؤلف
245 1 0 _aمن علوم طب الأسنان /
250 _a2
264 1 _aدمشق :
_bدار المعرفة،
_c2002.
300 _a191ص
650 1 7 _aطب الأسنان
650 1 7 _aالتشخيص
650 1 7 _aالأسنان
650 1 7 _aأمراض الأسنان
942 _2ddc
_cBK
999 _c85811
_d85811